000 00453nam a2200145Ia 4500
008 100204s9999 xx 000 0 und d
082 _b5439
100 _aदाते एल. पी.
245 _aमृताचा ठेवा
260 _b"निशान्त प्रकाशन , पुणे"
_c1983
300 _a120
630 _aमृताचा ठेवा
730 _aमृताचा ठेवा
942 _cBOOK
999 _c450025
_d450022